| 000 | 02190nam a22003255i 4500 | ||
|---|---|---|---|
| 001 | 991017231829707026 | ||
| 003 | UkOxU | ||
| 005 | 20260513125946.0 | ||
| 006 | m || d | | ||
| 007 | cr ||||||||||| | ||
| 008 | 221114s2019 xxk||||fo |||| ||eng | ||
| 020 | _a9781292314426 | ||
| 020 |
_a9781292314426 _q(Electronic book (PDF format)) |
||
| 020 |
_a1292314427 _q(Electronic book (PDF format)) |
||
| 035 | _a023221787-44oxf_inst | ||
| 035 | _a(UkOxU)023221787 | ||
| 035 | _a(Uk)020813944 | ||
| 037 |
_a9781292314426 _bPearson UK |
||
| 040 |
_aUk _beng _cUk |
||
| 041 | _aEnglish | ||
| 100 |
_bYukl, Gary A., _aYukl, Gary A., _eauthor. |
||
| 245 | 1 | 0 |
_aLeadership in Organizations _c/ Gary A. Yukl. |
| 250 | _aNinth edition. | ||
| 250 | _aGlobal edition. | ||
| 264 | 1 |
_aHarlow : _bPearson, _c2019. |
|
| 505 | 0 | _aThe Nature of Leadership — Leadership Behavior — The Leadership Situation and Adaptive Leadership — Decision Making and Empowerment by Leaders — Leading Change and Innovation — Power and Influence Tactics — Leader Traits and Skills — Charismatic and Transformational Leadership — Values-Based and Ethical Leadership — Dyadic Relations and Followers — Leadership in Teams and Decision Groups — Strategic Leadership in Organizations — Cross-Cultural Leadership and Diversity — Developing Leadership Skills — Overview and Integration. | |
| 520 | _aLeadership in Organizations, 9th Edition provides a balance of theory and practice as it covers the major theories and research on leadership and managerial effectiveness in formal organisations. Rather than detailing an endless series of studies or prescribing exactly how leaders must operate, it sticks to the major findings and offers recommendations for improving managerial effectiveness. Using this approach, readers understand the implications of their decisions and can determine the best courses of action specific to the situation. With new examples, citations, and guidelines for better clarity and presentation, the text is a relevant and useful tool for students who expect to become managers in the near future. | ||
| 650 | 0 |
_aBusiness management _9223 |
|
| 942 | _2lcc | ||
| 999 |
_c5415 _d5415 |
||